Sexto informe de actividades [de Raúl Padilla López] : 1994-1995 /

-д хадгалсан:
Номзүйн дэлгэрэнгүй
Байгууллагын зохиогч: Universidad de Guadalajara. Rector. 1989-1995 (Padilla López)
Бусад зохиолчид: Padilla López, Raúl (autor) (autor)
Формат: Ном
Хэл сонгох:испани
Нөхцлүүд:
Шошгууд: Шошго нэмэх
Шошго байхгүй, Энэхүү баримтыг шошголох эхний хүн болох!

MARC

LEADER 00000nam^a2200000^a^4500
001 000183250
005 20250521000000.0
009 20260310102034.446
037 |a Acervo ITESO - Biblioteca 
041 |a ESP 
082 |a 378. 72352  |b UNI UdeG-ir 1995 
110 |a Universidad de Guadalajara.  |b Rector. 1989-1995 (Padilla López) 
240 1 1 |a [Informe de Rector] 
245 1 0 |a Sexto informe de actividades [de Raúl Padilla López] :  |b 1994-1995 /  |c R. Padilla López. 
264 |a Guadalajara, México :  |b Universidad de Guadalajara,  |c 1995 
300 |a 45 p. 
336 |a texto  |b txt  |2 rdacontenido 
337 |a sin mediación  |b n  |2 rdamedio 
338 |a volumen  |b nc  |2 rdasoporte 
610 |a Universidad de Guadalajara 
649 |a XX 
650 |a Rectores Jaliscienses -  |x Informes 
650 |a Rectores Mexicanos -  |x Informes 
650 |a Autoridades Escolares -  |z Guadalajara, Jalisco -  |x Informes 
650 |a Autoridades Escolares -  |z México -  |x Informes 
650 |a Administración Educativa -  |z Guadalajara, Jalisco 
650 |a Administración Educativa -  |z México 
650 |a Universidades Públicas -  |z Guadalajara, Jalisco 
650 |a Universidades Públicas -  |z Jalisco 
650 |a Universidades Públicas -  |z México 
650 |a Instituciones Educativas -  |z Guadalajara, Jalisco 
650 |a Instituciones Educativas -  |z Jalisco 
650 |a Instituciones Educativas -  |z México 
650 |a Educación Pública -  |z Guadalajara, Jalisco 
650 |a Educación Pública -  |z Jalisco 
650 |a Educación Pública -  |z México 
650 |a Educación Superior -  |z Guadalajara, Jalisco -  |x Historia -  |y 1988-1994 
650 |a Educación Superior -  |z Guadalajara, Jalisco -  |y 1994-2000 
650 |a Educación Superior -  |z Guadalajara, Jalisco -  |y Siglo XX 
650 |a Educación Superior -  |z Jalisco -  |x Historia -  |y 1988-1994 
650 |a Educación Superior -  |z Jalisco -  |x Historia -  |y 1994-2000 
650 |a Educación Superior -  |z Jalisco -  |x Historia -  |y Siglo XX 
650 |a Educación Superior -  |z México -  |x Historia -  |y 1988-1994 
650 |a Educación Superior -  |z México -  |x Historia -  |y 1994-2000 
650 |a Educación Superior -  |z México -  |x Historia -  |y Siglo XX 
700 |a Padilla López, Raúl  |e (autor) 
910 |a Fondo General 
920 |a Impresos - Libros 
930 |a Obras de Referencia 
905 |a 102 
901 |a 0500123295  |b IT2  |c REF  |u 20250521 
902 |a https://opac.biblio.iteso.mx/vufind/Record/000183250